Die körperanlage des kindes und ihre entwicklung; (Record no. 21479)

MARC details
000 -LEADER
fixed length control field 00601cam a22002051 4500
001 - CONTROL NUMBER
control field e 36000210
003 - CONTROL NUMBER IDENTIFIER
control field DLC
005 - DATE AND TIME OF LATEST TRANSACTION
control field 20260227111225.0
008 - FIXED-LENGTH DATA ELEMENTS--GENERAL INFORMATION
fixed length control field 820128s1935 xx 000 0 ger
010 ## - LIBRARY OF CONGRESS CONTROL NUMBER
LC control number e 36000210
035 ## - SYSTEM CONTROL NUMBER
System control number (OCoLC)14740801
040 ## - CATALOGING SOURCE
Original cataloging agency DLC
Transcribing agency DNLM
Modifying agency DLC
042 ## - AUTHENTICATION CODE
Authentication code premarc
050 00 - LIBRARY OF CONGRESS CALL NUMBER
Classification number RJ131
Item number .E25
060 0# - NATIONAL LIBRARY OF MEDICINE CALL NUMBER
Classification number W6
Item number P3 v.5778
100 1# - MAIN ENTRY--PERSONAL NAME
Personal name Eckhardt, Hellmut.
245 14 - TITLE STATEMENT
Title Die körperanlage des kindes und ihre entwicklung;
Remainder of title ziel und weg einer biologischen körpererziehung,
Statement of responsibility, etc. von dr. Hellmut Eckhardt ...
260 ## - PUBLICATION, DISTRIBUTION, ETC.
Place of publication, distribution, etc. Stuttgart,
Name of publisher, distributor, etc. F. Enke,
Date of publication, distribution, etc. 1935.
300 ## - PHYSICAL DESCRIPTION
Extent 51 p.

No items available.

Powered by Koha